00389nam a2200133Ia 4500008004100000020001800041050002700059245004900086250001100135260002400146300001800170500004600188650002100234120626s9999 xx 000 0 und d a968-7121-29-704aKGF1054.31889 A52 1989 aCodigo de comercio y leyes mcomplementarias. a10a Ed aMéxico bBerbera. a424 páginas aContiene: Apendice Índice de contenido17aCOMERCIO-MEXICO.